000 00363nam a2200157Ia 4500
008 210210b1948 xxu||||| |||| 00| 0 eng d
041 _aeng
082 _a829/446
100 _aGIBBS (Philip)
245 _aHopeful hearth
260 _aLondon
_bHutchinson & Co
_c1948
650 _aHopeful
650 _ahearth
690 _aEnglish Fiction
906 _a017050
999 _c137008
_d137008